Las retaguardias sin vanguardias (1): acerca de los nuevos movimientos sociales en América Latina /
Uloženo v:
| Hlavní autor: | |
|---|---|
| Médium: | Text |
| Témata: | |
| Tagy: |
Přidat tag
Žádné tagy, Buďte první, kdo vytvoří štítek k tomuto záznamu!
|
MARC
| LEADER | 00000 a a2200000 04500 | ||
|---|---|---|---|
| 001 | 18103 | ||
| 003 | |||
| 040 | |||
| 100 | |a Mires, Fernando | ||
| 245 | |a Las retaguardias sin vanguardias (1): |b acerca de los nuevos movimientos sociales en América Latina / |c Fernando Mires | ||
| 650 | |a POLITICA | ||
| 650 | |a MOVIMIENTOS SOCIALES | ||
| 650 | |a POLITICA EXTERIOR | ||
| 650 | |a AMERICA LATINA | ||
| 773 | |g volumen 6, número 24; (1982) Páginas. 379-382 | ||
| 999 | |c 21695 |d 21695 | ||
| 773 | 0 | |0 42391 |9 4145 |a Agencia Latinoamericana de Información, ALAI |d Quito, Ecuador: ALAI |o 03928 |t ALAI: |x 08275564 (Servicio mensual de información y documentación) | |
